| 000 | 00661nam a22002537a 4500 | ||
|---|---|---|---|
| 005 | 20231011140053.0 | ||
| 008 | 190227b xxu||||| |||| 00| 0 spa d | ||
| 020 | _a9788433014887 | ||
| 041 | _aspa | ||
| 082 | _a155.23 N751p | ||
| 100 |
_aNoblejas de la Flor, María Ángeles _952470 |
||
| 245 | _aPalabras para una vida con sentido | ||
| 260 | _aEspaña | ||
| 260 | _bDesclée De Brouwer | ||
| 260 | _c2000 | ||
| 300 | _a146 páginas | ||
| 650 | _aPERSONALIDAD | ||
| 650 | _aSUPERACIÓN PERSONAL | ||
| 650 | _aPLAN DE VIDA | ||
| 650 | _aLIBERTAD | ||
| 650 | _aRESPONSABILIDAD | ||
| 650 | _aCONCIENCIA | ||
| 942 |
_cLIT _2ddc |
||
| 999 |
_c11684 _d11684 |
||